000 00691nam a22002177a 4500
005 20150521162347.0
008 140714b xxu||||| |||| 00| 0 Urdu d
010 _aUR-8949
020 _c200.00
035 _aU-7504
037 _bBPPD/Pub/Ven
040 _aDPL
_bUrdu
082 _a 841
100 _aنير قر يشی گنگو ہی
245 _aفر ا ز سخن
_cنير قر يشی گنگو ہی
246 h _a‏Faraz-e- Sukhan
_bBy Nayyer Qureshi Gangohi
260 _bModern Publications House
_c2014
_aNew Delhi
270 _a9,Gola Market Darya Ganj
_bNew Delhi
_k8445457683
_e110002
300 _a184ص
_c22Cm (Hb)
942 _2ddc
_cUR
_e
_h 841
_mن ي ر
999 _c93862
_d93862